MARC

LEADER 00000nam0a2200000 4500
001 15136
005 20231030190043.0
010 |a 5283012662 
035 |a (RuTPU)RU\TPU\book\15241 
035 |a BOOK00015311 
090 |a 15136 
100 |a 20011209d1999 km y0rusy50 ca 
101 0 |a rus 
102 |a RU 
105 |a y z 000zy 
200 1 |a Совершенствование релейной защиты на примерах построения векторных диаграмм  |f Ю. А. Степанов, Д. Ю. Степанов 
210 |a Москва  |c Энергоатомиздат  |d 1999 
215 |a 128 с. 
225 1 |a Библиотека энергетика 
610 1 |a энергетика 
610 1 |a электрические сети 
610 1 |a релейная защита 
610 1 |a короткие замыкания 
610 1 |a векторные диаграммы 
675 |a 621.316.925  |v 3 
700 1 |a Степанов  |b Ю. А.  |g Юрий Александрович 
701 1 |a Степанов  |b Д. Ю.  |g Дмитрий Юрьевич 
801 0 |a RU  |b 63413507  |c 20011209  |g PSBO 
801 2 |a RU  |b 63413507  |c 20150421  |g PSBO 
942 |c BK